[Event "17. Obert Int. Sant Marti 2015"]
[Site "Barcelona ESP"]
[Date "2015.07.19"]
[Round "7.47"]
[White "Perez Otero, Juan Antonio"]
[Black "Marchador Villalba, Jordi"]
[Result "0-1"]
[WhiteElo "2169"]
[BlackElo "2026"]
[PlyCount "92"]
[EventDate "2015.07.13"]
[EventType "swiss"]
[EventRounds "9"]
[EventCountry "ESP"]
[SourceTitle "Ajedrez en Madrid"]
[Source "lmi"]
[SourceDate "2013.07.13"]
[SourceVersion "1"]
[SourceVersionDate "2019.06.24"]
[SourceQuality "1"]

1. e4 c5 2. Nf3 e6 3. d4 cxd4 4. Nxd4 a6 5. c4 Nf6 6. Nc3 Qc7 7. Be3 Bb4 8. Qb3
Bxc3+ 9. Qxc3 Nxe4 10. Qc2 Qa5+ 11. Ke2 f5 12. f3 Nf6 13. Kf2 Nc6 14. a3 f4 15.
Bxf4 Nxd4 16. Qd3 e5 17. b4 Qa4 18. Bxe5 Ne6 19. Bd6 Kf7 20. Be2 Qc6 21. a4 Re8
22. Rhd1 b6 23. b5 Qb7 24. Qf5 g6 25. Qc2 Nc5 26. Rd4 Re6 27. Rad1 Ra7 28. Qa2
Qa8 29. Qa3 axb5 30. cxb5 Kg7 31. Bxc5 bxc5 32. Qxc5 Qb8 33. Rc1 Ra8 34. g3 Bb7
35. Qb4 Qe5 36. Qd2 Rae8 37. Rc2 Qh5 38. Rxd7+ Nxd7 39. Qxd7+ R8e7 40. Qd4+ Kf7
41. Qc4 Qxh2+ 42. Ke1 Qxg3+ 43. Kd2 Rd7+ 44. Kc1 Bd5 45. Qg4 Qxg4 46. fxg4 Bb3
0-1

[Event "17. Obert Int. Sant Marti 2015"]
[Site "Barcelona ESP"]
[Date "2015.07.19"]
[Round "7.48"]
[White "Magallanes, Gustavo"]
[Black "Lienhard, Alex"]
[Result "1-0"]
[WhiteElo "1908"]
[BlackElo "2139"]
[PlyCount "69"]
[EventDate "2015.07.13"]
[EventType "swiss"]
[EventRounds "9"]
[EventCountry "ESP"]
[SourceTitle "Ajedrez en Madrid"]
[Source "lmi"]
[SourceDate "2013.07.13"]
[SourceVersion "1"]
[SourceVersionDate "2019.06.24"]
[SourceQuality "1"]

1. e4 c5 2. Nf3 e6 3. d3 a6 4. g3 b5 5. Bg2 Bb7 6. O-O Nc6 7. Re1 d6 8. Nbd2
Be7 9. Nf1 Qc7 10. Bf4 h6 11. e5 d5 12. h4 Nd4 13. N1h2 Rc8 14. c3 Nxf3+ 15.
Nxf3 g6 16. Rc1 Bd8 17. Nh2 Ne7 18. Ng4 Nf5 19. Nf6+ Bxf6 20. exf6 Qd7 21. Qe2
d4 22. Be4 dxc3 23. bxc3 Kd8 24. Qf3 Bc6 25. d4 Bxe4 26. Qxe4 c4 27. Rcd1 Qd5
28. Qb1 g5 29. Re5 Qf3 30. d5 Nxh4 31. gxh4 gxf4 32. dxe6+ Ke8 33. exf7+ Kxf7
34. Rd7+ Kf8 35. Qb4+ 1-0

[Event "17. Obert Int. Sant Marti 2015"]
[Site "Barcelona ESP"]
[Date "2015.07.19"]
[Round "7.49"]
[White "Leriche, Luc"]
[Black "Cervello I Tost, Roger"]
[Result "1-0"]
[WhiteElo "2132"]
[BlackElo "1960"]
[PlyCount "129"]
[EventDate "2015.07.13"]
[EventType "swiss"]
[EventRounds "9"]
[EventCountry "ESP"]
[SourceTitle "Ajedrez en Madrid"]
[Source "lmi"]
[SourceDate "2013.07.13"]
[SourceVersion "1"]
[SourceVersionDate "2019.06.24"]
[SourceQuality "1"]

1. e4 e5 2. Nf3 Nc6 3. Bc4 Nf6 4. d3 Bc5 5. c3 d6 6. Bb3 Be6 7. Bc2 d5 8. Qe2
Qe7 9. Nbd2 dxe4 10. dxe4 Bg4 11. h3 Bh5 12. Nf1 Bxf3 13. Qxf3 Nd7 14. Bb3
O-O-O 15. Ne3 Bxe3 16. Bxe3 f6 17. Bd5 Nc5 18. O-O Kb8 19. b4 Nd3 20. b5 Na5
21. Bxa7+ Kxa7 22. Qxd3 Qc5 23. Qg3 g6 24. Rab1 Nc4 25. Rb4 Nb6 26. Bb3 Rd2 27.
a4 Rhd8 28. a5 Nc8 29. Bc4 Nd6 30. b6+ cxb6 31. axb6+ Kb8 32. Bd5 Nc8 33. Rc4
Qa5 34. Rc7 Nd6 35. Rb1 Rc8 36. Qe3 Rc2 37. Qd3 Rxc3 38. Rxc8+ Nxc8 39. Qd2 Ra3
40. Qb2 Nd6 41. Qc1 Qc3 42. Qh6 Ra1 43. Qf8+ Nc8 44. Rxa1 Qxa1+ 45. Kh2 Qc1 46.
g3 Qb2 47. Qxf6 Qxb6 48. Qxe5+ Qd6 49. Qg7 Qb6 50. Kg2 h5 51. Qg8 Kc7 52. Qf7+
Kb8 53. Be6 Nd6 54. Qxg6 Qd4 55. Bd5 Qe5 56. h4 b5 57. Qg5 Qe8 58. e5 Nc4 59.
e6 Nd6 60. e7 Kc7 61. Bf3 Kd7 62. Be2 Qxe7 63. Bxb5+ Kd8 64. Qxe7+ Kxe7 65. Be2
1-0

[Event "17. Obert Int. Sant Marti 2015"]
[Site "Barcelona ESP"]
[Date "2015.07.19"]
[Round "7.50"]
[White "Scheffknecht, Philipp"]
[Black "Bernat, Ernest"]
[Result "1/2-1/2"]
[WhiteElo "2121"]
[BlackElo "1943"]
[PlyCount "171"]
[EventDate "2015.07.13"]
[EventType "swiss"]
[EventRounds "9"]
[EventCountry "ESP"]
[SourceTitle "Ajedrez en Madrid"]
[Source "lmi"]
[SourceDate "2013.07.13"]
[SourceVersion "1"]
[SourceVersionDate "2019.06.24"]
[SourceQuality "1"]

1. d4 d5 2. c4 e6 3. Nc3 Nf6 4. cxd5 exd5 5. Bg5 Be7 6. e3 O-O 7. Bd3 c5 8.
dxc5 Nc6 9. Nge2 Be6 10. Bxf6 Bxf6 11. Nd4 Qa5 12. Nb3 Bxc3+ 13. bxc3 Qxc3+ 14.
Qd2 Qxd2+ 15. Kxd2 Nb4 16. Nd4 Nxd3 17. Kxd3 Rfc8 18. Rhc1 Bd7 19. Rab1 Rc7 20.
Rb4 g6 21. Nb5 Bxb5+ 22. Rxb5 Rac8 23. Kd4 b6 24. Rc2 bxc5+ 25. Rbxc5 Rxc5 26.
Rxc5 Rb8 27. Rc2 Rb5 28. f4 Ra5 29. g4 Kg7 30. g5 h6 31. h4 h5 32. Ke5 Ra3 33.
Kd4 Ra5 34. Rb2 Ra3 35. Re2 Ra5 36. Ke5 Rb5 37. a4 Rb4 38. Ra2 Re4+ 39. Kxd5
Rxe3 40. a5 Rh3 41. Ke5 Rxh4 42. Rc2 Rh1 43. Rc7 a6 44. Rc6 Re1+ 45. Kd4 Re6
46. Rc1 Re2 47. Rc6 Ra2 48. Rxa6 h4 49. Rc6 Rxa5 50. Rc3 Ra8 51. Rh3 Rh8 52.
Ke5 Rh5 53. Ke4 f6 54. Kf3 fxg5 55. fxg5 Rxg5 56. Rxh4 Ra5 57. Rb4 Ra3+ 58. Kg4
Kh6 59. Rc4 Ra1 60. Rb4 Ra5 61. Rc4 Rg5+ 62. Kh4 Rg1 63. Rc6 Rd1 64. Rc4 g5+
65. Kg3 Kh5 66. Rc3 Rd4 67. Ra3 Rg4+ 68. Kh2 Rf4 69. Kg3 Rf5 70. Ra8 Rf6 71.
Rg8 Rh6 72. Ra8 Rh7 73. Ra6 Rb7 74. Ra3 Rb1 75. Rc3 Rg1+ 76. Kh2 Rg4 77. Ra3
Re4 78. Kg3 Re5 79. Rb3 Rc5 80. Ra3 Kg6 81. Kg4 Rc4+ 82. Kg3 Rf4 83. Ra6+ Kh5
84. Ra8 Rf7 85. Ra6 Rb7 86. Ra3 1/2-1/2

[Event "17. Obert Int. Sant Marti 2015"]
[Site "Barcelona ESP"]
[Date "2015.07.19"]
[Round "7.51"]
[White "Cano Sevila, Ivan"]
[Black "Molano Lafuente, Ismael"]
[Result "0-1"]
[WhiteElo "1870"]
[BlackElo "2112"]
[PlyCount "76"]
[EventDate "2015.07.13"]
[EventType "swiss"]
[EventRounds "9"]
[EventCountry "ESP"]
[SourceTitle "Ajedrez en Madrid"]
[Source "lmi"]
[SourceDate "2013.07.13"]
[SourceVersion "1"]
[SourceVersionDate "2019.06.24"]
[SourceQuality "1"]

1. d4 d5 2. Bf4 e6 3. Nf3 f5 4. e3 Nf6 5. Bd3 Bd6 6. Bg3 O-O 7. Nbd2 Ne4 8. c4
c6 9. cxd5 exd5 10. Bxd6 Qxd6 11. Ne5 Nd7 12. Nxd7 Bxd7 13. a3 Rae8 14. Nf3 f4
15. O-O Bg4 16. Be2 Bxf3 17. Bxf3 Ng5 18. exf4 Rxf4 19. Bh5 g6 20. Bg4 h5 21.
Bxh5 gxh5 22. Qxh5 Nf7 23. g3 Rxd4 24. f4 Qh6 25. Qg4+ Qg7 26. Qh5 Rde4 27. f5
Qh6 28. Qxh6 Nxh6 29. h3 Re3 30. Kg2 Re2+ 31. Kf3 Kf7 32. Kf4 Kf6 33. g4 R8e4+
34. Kg3 Rxb2 35. Rf3 Rbe2 36. Kh4 Nf7 37. Kh5 Re8 38. Kh4 Rg2 0-1

[Event "17. Obert Int. Sant Marti 2015"]
[Site "Barcelona ESP"]
[Date "2015.07.19"]
[Round "7.52"]
[White "Vazquez Moreno, Josep M"]
[Black "Niklesh, Kumar Jain"]
[Result "1-0"]
[WhiteElo "2104"]
[BlackElo "1904"]
[PlyCount "181"]
[EventDate "2015.07.13"]
[EventType "swiss"]
[EventRounds "9"]
[EventCountry "ESP"]
[SourceTitle "Ajedrez en Madrid"]
[Source "lmi"]
[SourceDate "2013.07.13"]
[SourceVersion "1"]
[SourceVersionDate "2019.06.24"]
[SourceQuality "1"]

1. e4 c5 2. Nf3 Nc6 3. Bb5 e5 4. Bxc6 dxc6 5. h3 Nf6 6. d3 Qc7 7. O-O Be7 8.
Be3 h6 9. Qd2 Be6 10. Qc3 Nd7 11. a4 b6 12. Na3 O-O 13. Nc4 Bf6 14. b4 cxb4 15.
Qxb4 c5 16. Qc3 Rab8 17. Nh2 Rb7 18. Ng4 Bxg4 19. hxg4 Nb8 20. Qd2 Qe7 21. Na3
Nc6 22. Nb5 Rd8 23. Nc3 Nb4 24. Qe2 Bg5 25. g3 Bxe3 26. fxe3 f6 27. Rf2 a6 28.
Rb1 Qe6 29. Qf3 Rbd7 30. Qf5 Qf7 31. Qf3 Rb7 32. Rd2 Qe6 33. Qf5 Qxf5 34. gxf5
Kf7 35. Kf2 Nc6 36. Ke2 Rdb8 37. Rdd1 Nb4 38. Rb2 Rd8 39. Rdb1 Rdb8 40. Nd5
Nxd5 41. exd5 b5 42. axb5 axb5 43. Ra1 g6 44. fxg6+ Kxg6 45. e4 Kg5 46. Rab1
Rb6 47. Rf1 c4 48. dxc4 bxc4 49. Rf5+ Kg6 50. Ra2 Rb4 51. Ra6 R4b6 52. Rxb6
Rxb6 53. Kd2 Rb1 54. Rf2 Rg1 55. Kc3 Re1 56. Kxc4 Rxe4+ 57. Kc5 Kf7 58. c3 Re3
59. c4 Rxg3 60. Rd2 Ke7 61. Kc6 Rg8 62. d6+ Ke6 63. Kc7 e4 64. d7 f5 65. c5 e3
66. Rd3 f4 67. d8=Q Rxd8 68. Rxd8 Ke5 69. Rf8 Ke4 70. Re8+ Kd4 71. Kd6 f3 72.
c6 f2 73. c7 f1=Q 74. c8=Q Qf4+ 75. Kc6 Qf3+ 76. Kb6 Kd3 77. Rd8+ Ke2 78. Qc2+
Ke1 79. Qc3+ Ke2 80. Qb2+ Kf1 81. Qa1+ Kf2 82. Qd4 Kf1 83. Rd6 e2 84. Rf6 Qxf6+
85. Qxf6+ Kg2 86. Qe5 Kf1 87. Qf4+ Kg2 88. Qe3 Kf1 89. Qf3+ Ke1 90. Kc5 Kd1 91.
Kd4 1-0

[Event "17. Obert Int. Sant Marti 2015"]
[Site "Barcelona ESP"]
[Date "2015.07.19"]
[Round "7.53"]
[White "Hapala, Elisabeth"]
[Black "Perez Garcia, Adria"]
[Result "0-1"]
[WhiteElo "2083"]
[BlackElo "1644"]
[PlyCount "128"]
[EventDate "2015.07.13"]
[EventType "swiss"]
[EventRounds "9"]
[EventCountry "ESP"]
[SourceTitle "Ajedrez en Madrid"]
[Source "lmi"]
[SourceDate "2013.07.13"]
[SourceVersion "1"]
[SourceVersionDate "2019.06.24"]
[SourceQuality "1"]

1. e4 c6 2. d4 d5 3. Nc3 dxe4 4. Nxe4 Bf5 5. Ng3 Bg6 6. h4 h6 7. Nf3 Nd7 8. h5
Bh7 9. Bd3 Bxd3 10. Qxd3 e6 11. Bd2 Ngf6 12. O-O-O Be7 13. Kb1 O-O 14. Ne4 Nxe4
15. Qxe4 Nf6 16. Qe2 Qd5 17. Be3 b5 18. Ne5 Bd6 19. g4 Bxe5 20. dxe5 Qxe5 21.
f4 Qe4 22. Rhe1 Nd5 23. Qf2 Nxe3 24. Rxe3 Rad8 25. Rg1 Qd4 26. c3 Qf6 27. g5
hxg5 28. Rxg5 Rd5 29. Qg1 Rfd8 30. Re1 Rxg5 31. fxg5 Qf5+ 32. Kc1 Rd5 33. h6
Qxg5+ 34. Qxg5 Rxg5 35. hxg7 Kxg7 36. Kc2 Kf6 37. a4 a6 38. axb5 axb5 39. Kd3
Rg4 40. Ra1 Ra4 41. Rf1+ Ke7 42. b4 Ra2 43. Kd4 Rd2+ 44. Kc5 Rd3 45. Kxc6 Rxc3+
46. Kxb5 f5 47. Ka4 Kf6 48. b5 e5 49. b6 Rc8 50. Kb5 e4 51. b7 Rb8 52. Kb6 Ke5
53. Rc1 e3 54. Rc8 Rxb7+ 55. Kxb7 f4 56. Re8+ Kd4 57. Rf8 Ke4 58. Kc6 e2 59.
Kc5 Kf3 60. Re8 Kf2 61. Kd4 f3 62. Kd3 e1=Q 63. Rxe1 Kxe1 64. Ke3 f2 0-1

[Event "17. Obert Int. Sant Marti 2015"]
[Site "Barcelona ESP"]
[Date "2015.07.19"]
[Round "7.54"]
[White "Lopez Perdomo, Juan David"]
[Black "Kakumanu, Kautil Prasad"]
[Result "1/2-1/2"]
[WhiteElo "2056"]
[BlackElo "1616"]
[PlyCount "30"]
[EventDate "2015.07.13"]
[EventType "swiss"]
[EventRounds "9"]
[EventCountry "ESP"]
[SourceTitle "Ajedrez en Madrid"]
[Source "lmi"]
[SourceDate "2013.07.13"]
[SourceVersion "1"]
[SourceVersionDate "2019.06.24"]
[SourceQuality "1"]

1. d4 d5 2. Nf3 Nf6 3. e3 Bf5 4. c4 c6 5. Nc3 e6 6. Nh4 Be4 7. f3 Bg6 8. Nxg6
hxg6 9. e4 Bb4 10. Bg5 Qa5 11. Bxf6 Bxc3+ 12. bxc3 Qxc3+ 13. Kf2 gxf6 14. cxd5
exd5 15. exd5 O-O 1/2-1/2

[Event "17. Obert Int. Sant Marti 2015"]
[Site "Barcelona ESP"]
[Date "2015.07.19"]
[Round "7.56"]
[White "Barragan Hernandez, Manel"]
[Black "Guix Torres, David"]
[Result "1-0"]
[WhiteElo "1767"]
[BlackElo "2036"]
[PlyCount "77"]
[EventDate "2015.07.13"]
[EventType "swiss"]
[EventRounds "9"]
[EventCountry "ESP"]
[SourceTitle "Ajedrez en Madrid"]
[Source "lmi"]
[SourceDate "2013.07.13"]
[SourceVersion "1"]
[SourceVersionDate "2019.06.24"]
[SourceQuality "1"]

1. e4 c5 2. Nf3 d6 3. d4 cxd4 4. Nxd4 Nf6 5. Nc3 g6 6. Be3 Bg7 7. f3 O-O 8. Qd2
Nc6 9. O-O-O Nxd4 10. Bxd4 Be6 11. Kb1 Qc7 12. Nd5 Bxd5 13. exd5 Rfc8 14. Rc1
a5 15. Bb5 a4 16. Rhe1 Ra5 17. Rxe7 Qxe7 18. Qxa5 Nxd5 19. Bxg7 Kxg7 20. Qd2
Qe5 21. Bxa4 Ne3 22. Bb3 Nc4 23. Bxc4 Rxc4 24. g3 Qf6 25. Qd5 Rb4 26. c3 Rb6
27. Qd4 Qxd4 28. cxd4 Rb4 29. Rc7 Rxd4 30. Rxb7 Rd2 31. a4 Rxh2 32. a5 Rh5 33.
b4 Rh1+ 34. Kb2 Rh2+ 35. Kb3 Rh3 36. a6 Rxg3 37. Rb5 Rxf3+ 38. Kc4 Rf4+ 39. Kd3
1-0

[Event "17. Obert Int. Sant Marti 2015"]
[Site "Barcelona ESP"]
[Date "2015.07.19"]
[Round "7.57"]
[White "Meylan, Andre"]
[Black "Egorova, Ayyyna"]
[Result "1-0"]
[WhiteElo "2196"]
[BlackElo "1901"]
[PlyCount "95"]
[EventDate "2015.07.13"]
[EventType "swiss"]
[EventRounds "9"]
[EventCountry "ESP"]
[SourceTitle "Ajedrez en Madrid"]
[Source "lmi"]
[SourceDate "2013.07.13"]
[SourceVersion "1"]
[SourceVersionDate "2019.06.24"]
[SourceQuality "1"]

1. e4 Nf6 2. e5 Nd5 3. d4 d6 4. c4 Nb6 5. exd6 cxd6 6. Nc3 g6 7. Be3 Bg7 8. Rc1
O-O 9. b3 a5 10. Nf3 a4 11. Be2 axb3 12. axb3 Nc6 13. O-O Nb4 14. h3 d5 15. c5
Nd7 16. Qd2 Re8 17. Ra1 Rxa1 18. Rxa1 Nb8 19. Na4 N8c6 20. Nb6 Qc7 21. Ra4 e5
22. Rxb4 Nxb4 23. Qxb4 exd4 24. Nxd4 Re4 25. Bf3 Rxd4 26. Bxd4 Qf4 27. Nxd5
Qxd4 28. Ne7+ Kf8 29. Qxd4 Bxd4 30. Nxc8 Bxc5 31. Bxb7 Ke8 32. Kf1 Kd7 33. f3
g5 34. Ke2 Ke6 35. Kd3 Ke5 36. Kc4 Bf8 37. Nb6 Kf4 38. Nd7 Be7 39. b4 Kg3 40.
f4 Kxf4 41. Bf3 f5 42. b5 g4 43. hxg4 fxg4 44. Bc6 Bd8 45. b6 h5 46. b7 Bc7 47.
Nf6 Kg5 48. Nxh5 1-0

[Event "17. Obert Int. Sant Marti 2015"]
[Site "Barcelona ESP"]
[Date "2015.07.19"]
[Round "7.58"]
[White "Serefidou, Despina"]
[Black "Havik, Victor"]
[Result "1/2-1/2"]
[WhiteElo "1923"]
[BlackElo "2139"]
[PlyCount "38"]
[EventDate "2015.07.13"]
[EventType "swiss"]
[EventRounds "9"]
[EventCountry "ESP"]
[SourceTitle "Ajedrez en Madrid"]
[Source "lmi"]
[SourceDate "2013.07.13"]
[SourceVersion "1"]
[SourceVersionDate "2019.06.24"]
[SourceQuality "1"]

1. e4 e5 2. Nf3 Nc6 3. Nc3 Nf6 4. d4 exd4 5. Nxd4 Bb4 6. Nxc6 bxc6 7. Bd3 d5 8.
exd5 cxd5 9. O-O O-O 10. h3 c6 11. Qf3 Re8 12. Bf4 Bd6 13. Rfe1 Be6 14. Ne2 Rb8
15. b3 Qc7 16. Bxd6 Qxd6 17. Ng3 a5 18. Nh5 Nxh5 19. Qxh5 g6 1/2-1/2

[Event "17. Obert Int. Sant Marti 2015"]
[Site "Barcelona ESP"]
[Date "2015.07.19"]
[Round "7.59"]
[White "Fernandez Aguilar, Francisco"]
[Black "Perez Ruiz, Santiago"]
[Result "1-0"]
[WhiteElo "2067"]
[BlackElo "1885"]
[PlyCount "73"]
[EventDate "2015.07.13"]
[EventType "swiss"]
[EventRounds "9"]
[EventCountry "ESP"]
[SourceTitle "Ajedrez en Madrid"]
[Source "lmi"]
[SourceDate "2013.07.13"]
[SourceVersion "1"]
[SourceVersionDate "2019.06.24"]
[SourceQuality "1"]

1. e4 e6 2. Qe2 c5 3. g3 Be7 4. Bg2 d5 5. d3 Nc6 6. Nf3 Nf6 7. O-O b6 8. e5 Nd7
9. c4 dxc4 10. dxc4 Qc7 11. Nc3 a6 12. Re1 Bb7 13. Nd5 Qd8 14. Nxe7 Nxe7 15. b3
Qc7 16. Bb2 h5 17. h4 Nf5 18. Rad1 O-O-O 19. Ng5 Bxg2 20. Kxg2 Nb8 21. Ne4 Nc6
22. Rxd8+ Kxd8 23. Nd6 Ncd4 24. Qe4 Ke7 25. Bxd4 Nxd4 26. f3 Rh6 27. Qa8 Qd7
28. Qg8 Qc6 29. Qxf7+ Kd8 30. Qf8+ Kc7 31. Qxg7+ Kb8 32. Re4 Nf5 33. Qf8+ Ka7
34. Nxf5 exf5 35. Qf7+ Kb8 36. Qxf5 Rh8 37. e6 1-0

[Event "17. Obert Int. Sant Marti 2015"]
[Site "Barcelona ESP"]
[Date "2015.07.19"]
[Round "7.60"]
[White "Moreno Perez, Norberto"]
[Black "Dominguez, Laura Lucia"]
[Result "0-1"]
[WhiteElo "1853"]
[BlackElo "2057"]
[PlyCount "64"]
[EventDate "2015.07.13"]
[EventType "swiss"]
[EventRounds "9"]
[EventCountry "ESP"]
[SourceTitle "Ajedrez en Madrid"]
[Source "lmi"]
[SourceDate "2013.07.13"]
[SourceVersion "1"]
[SourceVersionDate "2019.06.24"]
[SourceQuality "1"]

1. e4 c5 2. Nf3 g6 3. Bc4 Bg7 4. c3 d6 5. O-O Nf6 6. d3 O-O 7. Bb3 Nc6 8. Bg5
h6 9. Bh4 g5 10. Bg3 Nh5 11. Nbd2 Nxg3 12. fxg3 e6 13. Rc1 b5 14. h3 a5 15. Kh2
a4 16. Bc2 a3 17. bxa3 Bxc3 18. a4 b4 19. Nc4 Bg7 20. Ne3 Bd7 21. h4 Qe7 22.
hxg5 hxg5 23. Nc4 Ra6 24. Qe2 g4 25. Nh4 Qg5 26. Bb3 Nd4 27. Qe3 Qh5 28. Rce1
Bxa4 29. Bxa4 Rxa4 30. Nb6 Be5 31. Kg1 Ra7 32. Rc1 Bxg3 0-1

[Event "17. Obert Int. Sant Marti 2015"]
[Site "Barcelona ESP"]
[Date "2015.07.19"]
[Round "7.61"]
[White "Dougas Chavarria, Nestor"]
[Black "Dahale, Atul"]
[Result "0-1"]
[WhiteElo "1809"]
[BlackElo "1969"]
[PlyCount "44"]
[EventDate "2015.07.13"]
[EventType "swiss"]
[EventRounds "9"]
[EventCountry "ESP"]
[SourceTitle "Ajedrez en Madrid"]
[Source "lmi"]
[SourceDate "2013.07.13"]
[SourceVersion "1"]
[SourceVersionDate "2019.06.24"]
[SourceQuality "1"]

1. e4 c5 2. g3 g6 3. Bg2 Bg7 4. Ne2 Nc6 5. c3 e5 6. d3 Nge7 7. O-O O-O 8. Be3
b6 9. Qd2 d5 10. exd5 Nxd5 11. Bg5 f6 12. Bh6 Ba6 13. Bxg7 Kxg7 14. Rd1 Qd7 15.
Na3 Rad8 16. Nc2 Rfe8 17. Bf1 Nc7 18. d4 exd4 19. cxd4 Ne6 20. d5 Ne5 21. Qe3
Ng5 22. Qa3 Nef3+ 0-1

[Event "17. Obert Int. Sant Marti 2015"]
[Site "Barcelona ESP"]
[Date "2015.07.19"]
[Round "7.62"]
[White "Minguell Soler, Joan"]
[Black "Alfara Ayllon, Jose Luis"]
[Result "1/2-1/2"]
[WhiteElo "1836"]
[BlackElo "1964"]
[PlyCount "142"]
[EventDate "2015.07.13"]
[EventType "swiss"]
[EventRounds "9"]
[EventCountry "ESP"]
[SourceTitle "Ajedrez en Madrid"]
[Source "lmi"]
[SourceDate "2013.07.13"]
[SourceVersion "1"]
[SourceVersionDate "2019.06.24"]
[SourceQuality "1"]

1. d4 d5 2. c4 e6 3. Nc3 Nf6 4. Bg5 Be7 5. cxd5 exd5 6. e3 O-O 7. Bd3 Nbd7 8.
Qc2 h6 9. Bh4 a6 10. Nf3 b6 11. O-O Bb7 12. Rfd1 Re8 13. Rac1 Rc8 14. Qe2 b5
15. h3 Ne4 16. Bxe7 Qxe7 17. a4 b4 18. Nb1 Qf6 19. Nfd2 c5 20. Bxe4 dxe4 21.
Nc4 cxd4 22. Rxd4 Ne5 23. Rcd1 Nxc4 24. Rxc4 Rxc4 25. Qxc4 Qxb2 26. Rd7 Qxb1+
27. Kh2 Re6 28. Rxb7 Qe1 29. Qc8+ Kh7 30. Rxf7 Rg6 31. Qf5 Qd1 32. h4 Qd6+ 33.
g3 Qe6 34. Qxe6 Rxe6 35. Rb7 a5 36. h5 Re5 37. g4 Rc5 38. Kg3 Kg8 39. Kf4 Rc2
40. Kxe4 Rxf2 41. Rb5 Rg2 42. Kf5 Rf2+ 43. Ke4 Rg2 44. Rxa5 Rxg4+ 45. Kd3 Kf7
46. Rb5 b3 47. a5 Ke7 48. a6 Ra4 49. Rb6 Kd7 50. Kc3 Kc7 51. Rg6 Kb8 52. Kxb3
Re4 53. Rxg7 Rxe3+ 54. Kc4 Re5 55. Rb7+ Ka8 56. Rb5 Re6 57. Ra5 Ka7 58. Kd5 Re1
59. Kd6 Re2 60. Re5 Ra2 61. Ke7 Rxa6 62. Re6 Ra1 63. Kf7 Kb7 64. Kg6 Kc7 65.
Kxh6 Kd7 66. Rg6 Ke7 67. Kg7 Rf1 68. Kg8 Rf8+ 69. Kh7 Rf7+ 70. Kh6 Kf8 71. Rb6
Kg8 1/2-1/2

[Event "17. Obert Int. Sant Marti 2015"]
[Site "Barcelona ESP"]
[Date "2015.07.19"]
[Round "7.63"]
[White "Papathanasiou, Elisavet"]
[Black "Rodriguez, Sofia"]
[Result "1/2-1/2"]
[WhiteElo "1951"]
[BlackElo "1783"]
[PlyCount "63"]
[EventDate "2015.07.13"]
[EventType "swiss"]
[EventRounds "9"]
[EventCountry "ESP"]
[SourceTitle "Ajedrez en Madrid"]
[Source "lmi"]
[SourceDate "2013.07.13"]
[SourceVersion "1"]
[SourceVersionDate "2019.06.24"]
[SourceQuality "1"]

1. d4 Nf6 2. Nf3 g6 3. Bf4 Bg7 4. e3 d6 5. h3 O-O 6. Be2 Nfd7 7. O-O e5 8. Bh2
f5 9. c4 h6 10. Nc3 e4 11. Ne1 Nf6 12. b4 Nc6 13. c5 d5 14. b5 Ne7 15. b6 axb6
16. cxb6 c6 17. Bc7 Qe8 18. a4 g5 19. a5 Qg6 20. Qb3 f4 21. exf4 gxf4 22. Bxf4
Bxh3 23. a6 Nd7 24. Bg3 Bxd4 25. Rd1 Bxb6 26. axb7 Rae8 27. Na4 Ba7 28. gxh3
Rf3 29. Bxf3 Qxg3+ 30. Kh1 Qxh3+ 31. Kg1 Qg3+ 32. Kh1 1/2-1/2

[Event "17. Obert Int. Sant Marti 2015"]
[Site "Barcelona ESP"]
[Date "2015.07.19"]
[Round "7.64"]
[White "Brilej, Jaka"]
[Black "Rojas Fernandez, Andres"]
[Result "1-0"]
[WhiteElo "1639"]
[BlackElo "1946"]
[PlyCount "83"]
[EventDate "2015.07.13"]
[EventType "swiss"]
[EventRounds "9"]
[EventCountry "ESP"]
[SourceTitle "Ajedrez en Madrid"]
[Source "lmi"]
[SourceDate "2013.07.13"]
[SourceVersion "1"]
[SourceVersionDate "2019.06.24"]
[SourceQuality "1"]

1. e4 e6 2. d4 d5 3. Nc3 Nf6 4. e5 Nfd7 5. f4 c5 6. Nf3 Nc6 7. Be3 a6 8. Qd2 b5
9. dxc5 Bxc5 10. Bd3 d4 11. Nxd4 Bxd4 12. Bxd4 Nxd4 13. Be4 Nxc2+ 14. Qxc2 Ra7
15. O-O Qb6+ 16. Kh1 Rc7 17. Qd2 O-O 18. Rad1 Nc5 19. Qe3 b4 20. Ne2 Qa5 21.
Bb1 Bb7 22. Ng3 g6 23. f5 exf5 24. Nxf5 Ne6 25. Nh6+ Kg7 26. Ng4 Rfc8 27. Qh6+
Kh8 28. Rd3 Qb5 29. Rg1 f5 30. exf6 Be4 31. Rdd1 Bxb1 32. Rxb1 Qh5 33. Qxh5
gxh5 34. Ne5 Rc2 35. Rge1 Rf2 36. Nf7+ Kg8 37. Nh6+ Kf8 38. Rxe6 Rcc2 39. Rxa6
Ke8 40. f7+ Ke7 41. Ra8 Rxb2 42. Re1+ 1-0

[Event "17. Obert Int. Sant Marti 2015"]
[Site "Barcelona ESP"]
[Date "2015.07.19"]
[Round "7.65"]
[White "Minko, Dmitry"]
[Black "Herms Agullo, Jordi"]
[Result "1/2-1/2"]
[WhiteElo "1672"]
[BlackElo "2075"]
[PlyCount "116"]
[EventDate "2015.07.13"]
[EventType "swiss"]
[EventRounds "9"]
[EventCountry "ESP"]
[SourceTitle "Ajedrez en Madrid"]
[Source "lmi"]
[SourceDate "2013.07.13"]
[SourceVersion "1"]
[SourceVersionDate "2019.06.24"]
[SourceQuality "1"]

1. e4 d5 2. exd5 Nf6 3. Nf3 Nxd5 4. d4 g6 5. c4 Nb6 6. c5 Nd5 7. Bc4 Bg7 8. Nc3
c6 9. Qb3 O-O 10. O-O e6 11. a4 b6 12. Ne4 Ba6 13. Nd6 bxc5 14. dxc5 Nd7 15.
Qa3 Bxc4 16. Nxc4 Qe7 17. Nd6 Rfd8 18. Nb7 Rdb8 19. Nd6 Rb4 20. Bg5 Qf8 21. Bd2
Rxb2 22. Rab1 Rab8 23. Rxb2 Bxb2 24. Qa2 Nxc5 25. Nc4 Nc3 26. Bxc3 Bxc3 27. Qc2
Bg7 28. Rd1 Rd8 29. Rb1 Nd3 30. Na5 Nb4 31. Qc4 c5 32. h3 Rd7 33. Qb5 Qd8 34.
Qxc5 Bf8 35. Qb5 Rd5 36. Nc6 Rd1+ 37. Rxd1 Qxd1+ 38. Kh2 Qd6+ 39. Nce5 f6 40.
g3 fxe5 41. Ng5 h6 42. Ne4 Qc7 43. Nf6+ Kf7 44. Qe8+ Kxf6 45. Qxf8+ Qf7 46.
Qxb4 Kg7 47. Kg2 h5 48. Qe4 Qc7 49. h4 a5 50. Kh2 Qc5 51. Qb7+ Kf6 52. Qf3+ Ke7
53. Qb7+ Kd6 54. Qa6+ Kd5 55. Qd3+ Qd4 56. Qb5+ Qc5 57. Qd3+ Kc6 58. Kg1 Qd4
1/2-1/2

[Event "17. Obert Int. Sant Marti 2015"]
[Site "Barcelona ESP"]
[Date "2015.07.19"]
[Round "7.66"]
[White "Franch Guiral, Ramon"]
[Black "Jocher, Georg"]
[Result "0-1"]
[WhiteElo "1964"]
[BlackElo "1931"]
[PlyCount "100"]
[EventDate "2015.07.13"]
[EventType "swiss"]
[EventRounds "9"]
[EventCountry "ESP"]
[SourceTitle "Ajedrez en Madrid"]
[Source "lmi"]
[SourceDate "2013.07.13"]
[SourceVersion "1"]
[SourceVersionDate "2019.06.24"]
[SourceQuality "1"]

1. b4 c6 2. c4 d5 3. e3 Nf6 4. Bb2 g6 5. Nf3 Bg7 6. c5 O-O 7. d4 Nbd7 8. Be2
Ne4 9. O-O Re8 10. Nc3 Nxc3 11. Bxc3 e5 12. Re1 e4 13. Nd2 f5 14. Qb3 Kh8 15.
a4 g5 16. b5 Re6 17. a5 a6 18. bxc6 bxc6 19. Reb1 Rh6 20. Nf1 f4 21. Bg4 Nxc5
22. dxc5 Bxg4 23. Bxg7+ Kxg7 24. Qc3+ Rf6 25. Rb7+ Kg6 26. Rab1 Bc8 27. R7b6
Qc7 28. R1b4 Ra7 29. Rd4 Qd7 30. Qb2 h5 31. Qc3 h4 32. Nd2 Qf5 33. f3 Re7 34.
fxe4 dxe4 35. Rd6 Ree6 36. Rbxc6 f3 37. gxf3 exf3 38. Kf2 Qh3 39. Qd3+ Kh6 40.
Qf1 Qxh2+ 41. Ke1 Rxe3+ 42. Kd1 Rxd6 43. Rxd6+ Kh5 44. Qc4 Qe2+ 45. Qxe2 fxe2+
46. Ke1 Bg4 47. Rd5 h3 48. Rd8 Kh4 49. c6 h2 50. Rh8+ Bh5 0-1